000 00815nam a2200253 i 4500
001 181407
003 ES-MaACL
005 20240229063326.0
008 130114s2011 sp | |||||||| | spa d
040 _cES-MaACL
080 _a821.111(73)-31"19"
100 1 _aConnelly, Michael,
_d1956-
_9152050
_eaut
245 1 3 _aEl observatorio /
_cMichael Connelly ; [traducción, Javier Guerrero].
260 _a[Madrid] :
_bDiario Público,
_c[2011]
300 _a224 páginas ;
_c18 cm.
490 1 _aNovela negra
655 7 _9226784
_aNovelas negras
700 1 _aGuerrero, Javier.
_9152051
_etrl
830 0 _aNovela negra
_9191448
852 _aES-MaACL
_bR.147212
_cDEPO1
_dOlim: N-5433
_jA-12428
_9188307
942 _cMONOGRAFIA
_n0
999 _c181407
_d181407